Quizzes
Events
Quiz Creation
Community
Videos
Private Events
Remove Ads
Sign In
Join for FREE
Feedback
Dark Mode
Quiz Categories
Sports
Geography
Music
Movies
Television
Just For Fun
Miscellaneous
History
Literature
Language
Science
Gaming
Entertainment
Religion
Holiday
For Kids
Quiz Lab
Recent
Popular Today
Quiz Kudos Today
Editor Picks
Curator Picks
Quizzes by...
Day
Popularity
Type
Ratings
Length
Year
Community
Subscriptions
Recent Discussions
Orange Saloon
Badges
Playlists
Quests
Create
Leaderboards
Showdown
Live 5
Trivia Bingo
Activity
Puzzle Library
Sporcle Events
Private Events
Virtual Trivia
Globe League
Become a Host
Pub Owners
SporcleCon
Opinionation
Our Games
Videos
Blog
Mobile Apps
Partnerships
Remove Ads and Go Orange
Feedback
Sports
Athletes
MLB
NBA
NHL
NFL
Soccer
Sports Teams
WWE
NCAA
Football
Premier League
Basketball
Baseball
Hockey
Golf
Tennis
Cricket
Rugby
Auto Racing
Olympics
World Cup
Sports
Athletes
MLB
NBA
NHL
NFL
Soccer
Sports Teams
WWE
NCAA
Football
Premier League
Basketball
Baseball
Hockey
Golf
Tennis
Cricket
Rugby
Auto Racing
Olympics
World Cup
Random Quiz
Search Sporcle
×
Quiz Lab
Quiz Lab
Sports
Baseball
Type in answers that appear in a list
Type in answers that appear in a list
Classic
Best Score? Go Orange.
Most Games Played - White Sox (2000s) Stats
Can you name the players with the most games played at each position for the White Sox (2000-2009)?
By
ironsij0287
6m
45 Questions
463 Plays
463 Plays
463 Plays
Comments
Comments
Give Quiz Kudos
Give Quiz Kudos
-
- Ratings
hide this ad
Replay
Link that replays current quiz
Next Quiz
Link to next quiz in quiz playlist
You Got
0%
They Got
Avg Score
56%
Avg Friend Score
Upgrade to see
Score Distribution
Jump to the score distribution portion of the page
Score
0/45
Timer
06:00
0
Plays Today
Position
Player
% Correct
First Base
Paul Konerko
98.9%
Designated Hitter
Paul Konerko
98.9%
Catcher
A.J. Pierzynski
95.5%
First Base
Frank Thomas
95.5%
Designated Hitter
Frank Thomas
95.5%
Third Base
Joe Crede
93.7%
Right Field
Jermaine Dye
93.7%
Second Base
Alexei Ramirez
85.7%
Shortstop
Alexei Ramirez
85.7%
Designated Hitter
Jim Thome
84%
Right Field
Magglio Ordonez
82.9%
Left Field
Scott Podsednik
82.5%
Shortstop
Juan Uribe
78.1%
Left Field
Aaron Rowand
78.1%
Center Field
Aaron Rowand
78.1%
Right Field
Aaron Rowand
78.1%
Left Field
Carlos Lee
76.2%
Second Base
Ray Durham
72.3%
Second Base
Tadahito Iguchi
71.9%
Left Field
Carlos Quentin
67.5%
Third Base
Jose Valentin
65.2%
Shortstop
Jose Valentin
65.2%
Center Field
Brian Anderson
64.3%
Position
Player
% Correct
Catcher
Sandy Alomar
59.7%
Catcher
Mark Johnson
58.7%
Designated Hitter
Carl Everett
56.1%
Shortstop
Orlando Cabrera
42.6%
Third Base
Josh Fields
37.7%
Second Base
Willie Harris
36.8%
Center Field
Willie Harris
36.8%
Catcher
Miguel Olivo
36.1%
Shortstop
Royce Clayton
33.8%
First Base
Nick Swisher
32.7%
Second Base
Chris Getz
27.5%
Third Base
Herbert Perry
26.6%
Right Field
Timo Perez
26.2%
Center Field
Chris Singleton
25.5%
First Base
Ross Gload
22.3%
Catcher
Josh Paul
17.1%
Third Base
Tony Graffanino
16.2%
Right Field
Joe Borchard
13.6%
Center Field
Jerry Owens
11.7%
Left Field
Rob Mackowiak
11.5%
Designated Hitter
Jose Canseco
11%
First Base
Jeff Liefer
7.1%
Quiz Playlist
Details
Report
Send in Message
Add To Playlist
Classic:
Type in answers that appear in a list
Quiz Source
Last Updated: Feb 16, 2017
Quiz Scoreboard
CHALLENGE
Sign Up to Join the Scoreboard
Show All
Scores
Hide
Comments
May contain spoilers
Recently Published
9x9 Crossword: Cartoon Network
by jackfrog10
Miscellaneous
3m
College Basketball Coaching Resumes
by pancakes188
Sports
9m
Billboard Blitz: Fleetwood Mac
by CooCooCachoo
Music
15s
More to Explore
Quiz From the Vault
Featured Blog Post
Where Did the Easter Bunny Come From?
hide this ad
You Might Also Like...
Tags
Baseball Quiz
MLB Quiz
2000s
Chicago Sports
Today's Top Quizzes in Sports
Browse Sports
hide this ad
Today's Top Quizzes in Baseball
Browse Baseball
Top Contributed Quizzes in Sports
1
2022 World Cup Stars
2
Les meilleurs buteurs des matchs entre le PSG et l’OM
3
FIFA Club World Cup Champions
4
Les entraîneurs de l'OM et du PSG au 21e siècle
5
Criteria MLB: Left Handed Sluggers
6
AFC Teams Reveal (Wrong Answers Minefield)
7
2023 MLB Unique Player Accomplishments
8
5-to-1: FBS Animal Nicknames
9
Players with Multiple 50 Home Run Seasons
10
5-to-1: UK Sports Teams
Explore More
Trending Topics
Marvel
Harry Potter
Crossword
Anime
Kpop
NBA
Disney
Song
WWE
Pokémon
Country
The Office
Puzzle
Soccer
NFL
hide this ad
More By:
ironsij0287
Quiz
Plays
Rating
Category
Featured
Created
Alphabetical US States
366,631
4.51
Geography
Sep 9, 2009
NBA Western Scoring Leaders (2000s)
315,061
4.60
Sports
Oct 3, 2010
MLB Home Run Leaders (1990s)
260,144
4.51
Sports
Aug 26, 2009
Beers of the World
255,901
4.10
Miscellaneous
Aug 4, 2009
NBA Eastern Scoring Leaders (2000s)
203,047
4.52
Sports
Oct 3, 2010
Go to Creator's Profile
Score Distribution
Quiz Creator Spotlight
ironsij0287
Follow
Send a Message
Quizzes Created
-
Created Quiz Play Count
-
More By This Creator
Popular Quizzes Today
1
Find the US States - No Outlines Minefield
2
Find the Countries of Europe - No Outlines Minefield
3
The Countries of the World
4
Find the US States
5
Risky Map Clicking: Biggest States A-Z
6
US States
7
Popular People in 1961
8
Movies - When Are They Set?
More Sports Quizzes
Past 10 NBA Sixth Men of the Year
Quiz Lab
Trending Quizzes
Risky Map Clicking: Least Populous States A-Z
1-10 Letter G Words
Risky Map Clicking: Next State Alphabetically
Adjectives in 80s TV Shows
Risky Map Clicking: Biggest States A-Z
Recently Updated
Leaping Animals
pecheneg
Reality TV Shows (A-Z)
bhenderson79
Rickey Henderson's Hall of Fame Teammates
pecheneg
Champions League XIs: Arsenal
pecheneg
Quick Pick: Celebrities in WWE's Hall of Fame
aduchscher
A-Z Keypad Blitz II
pecheneg
Multiple Oscar Actors
pecheneg
Mystery Phrase Blitz: Oscar 'Best Actors'
pecheneg
F. Scott Fitzgerald Novels
LTH
Pick 3 Villains
ddd62291
Trending Topics
Anime
Harry Potter
Marvel
NBA
Disney
Crossword
Kpop
Soccer
Song
The Office
NFL
WWE
Country
Pokémon
Puzzle
Your Account Isn't Verified!
In order to create a playlist on Sporcle, you need to verify the email address you used during registration. Go to your
Sporcle Settings
to finish the process.
Report this User
Report this user for behavior that violates our
Community Guidelines
.
Details:
Send Report
Go to the Sporcle.com Mobile Site →
Comments